MyGZULibrary

Global logistics : (Record no. 2804)

MARC details
000 -LEADER
fixed length control field 01608cam a2200385 a 4500
001 - CONTROL NUMBER
control field 16073162
003 - CONTROL NUMBER IDENTIFIER
control field GZU
005 - DATE AND TIME OF LATEST TRANSACTION
control field 20201109080523.0
008 - FIXED-LENGTH DATA ELEMENTS--GENERAL INFORMATION
fixed length control field 100128s2010 enkab b 001 0 eng
010 ## - LIBRARY OF CONGRESS CONTROL NUMBER
LC control number 2010000351
015 ## - NATIONAL BIBLIOGRAPHY NUMBER
National bibliography number GBB039558
Source bnb
016 7# - NATIONAL BIBLIOGRAPHIC AGENCY CONTROL NUMBER
Record control number 015511035
Source Uk
020 ## - INTERNATIONAL STANDARD BOOK NUMBER
International Standard Book Number 9780749457037
020 ## - INTERNATIONAL STANDARD BOOK NUMBER
International Standard Book Number 0749457031
035 ## - SYSTEM CONTROL NUMBER
System control number (OCoLC)ocn468979758
040 ## - CATALOGING SOURCE
Original cataloging agency DLC
Transcribing agency DLC
Modifying agency BTCTA
-- YDXCP
-- UKM
-- LML
-- DLC
050 00 - LIBRARY OF CONGRESS CALL NUMBER
Classification number HF 5415.6
Item number .GLO 2010
082 00 - DEWEY DECIMAL CLASSIFICATION NUMBER
Classification number 658.7
Edition number 22
245 00 - TITLE STATEMENT
Title Global logistics :
Remainder of title new directions in supply chain management /
Statement of responsibility, etc. edited by Donald Waters.
250 ## - EDITION STATEMENT
Edition statement 6th ed.
260 ## - PUBLICATION, DISTRIBUTION, ETC.
Place of publication, distribution, etc. London ;
-- Philadelphia :
Name of publisher, distributor, etc. Kogan Page,
Date of publication, distribution, etc. 2010.
300 ## - PHYSICAL DESCRIPTION
Extent xxv, 510 p. :
Other physical details ill., maps ;
Dimensions 24 cm.
500 ## - GENERAL NOTE
General note "Chartered Institute of Logistics and Transport, UK."
504 ## - BIBLIOGRAPHY, ETC. NOTE
Bibliography, etc. note Includes bibliographical references and index.
650 #0 - SUBJECT ADDED ENTRY--TOPICAL TERM
Topical term or geographic name entry element Physical distribution of goods.
650 #0 - SUBJECT ADDED ENTRY--TOPICAL TERM
Topical term or geographic name entry element Business logistics.
700 1# - ADDED ENTRY--PERSONAL NAME
Personal name Waters, C. D. J.
Fuller form of name (C. Donald J.),
Dates associated with a name 1949-
710 2# - ADDED ENTRY--CORPORATE NAME
Corporate name or jurisdiction name as entry element Chartered Institute of Logistics and Transport in the UK.
856 42 - ELECTRONIC LOCATION AND ACCESS
Materials specified Contributor biographical information
Uniform Resource Identifier <a href="http://www.loc.gov/catdir/enhancements/fy1105/2010000351-b.html">http://www.loc.gov/catdir/enhancements/fy1105/2010000351-b.html</a>
856 42 - ELECTRONIC LOCATION AND ACCESS
Materials specified Publisher description
Uniform Resource Identifier <a href="http://www.loc.gov/catdir/enhancements/fy1105/2010000351-d.html">http://www.loc.gov/catdir/enhancements/fy1105/2010000351-d.html</a>
856 41 - ELECTRONIC LOCATION AND ACCESS
Materials specified Table of contents only
Uniform Resource Identifier <a href="http://www.loc.gov/catdir/enhancements/fy1105/2010000351-t.html">http://www.loc.gov/catdir/enhancements/fy1105/2010000351-t.html</a>
906 ## - LOCAL DATA ELEMENT F, LDF (RLIN)
a 7
b cbc
c orignew
d 1
e ecip
f 20
g y-gencatlg
942 ## - ADDED ENTRY ELEMENTS (KOHA)
Source of classification or shelving scheme Library of Congress Classification
Koha item type Books
Edition 6th ed.
Classification part 5415.6
Item part GLO
Call number prefix HF
Holdings
Withdrawn status Lost status Damaged status Not for loan Collection code Home library Current library Shelving location Date acquired Total Checkouts Full call number Barcode Date last seen Date last checked out Copy number Price effective from Koha item type Inventory number
        Non-fiction City Campus Library City Campus Library General Stacks 11/09/2020 1 HF 5415.6 GLO 2010 G21960 09/28/2022 09/22/2022 c.1 11/09/2020 Books  
        Non-fiction Mashava Campus Library Mashava Campus Library General Stacks 05/11/2011   HF54150.6 GLO 2010 G23305 05/11/2021   c.2 05/11/2021 Books 11143
        Non-fiction Mashava Campus Library Mashava Campus Library General Stacks 05/11/2011   HF5415.6 GLO 2010 G23278 05/11/2021   c.3 05/11/2021 Books 11144